000
00231 a2200097 4500
001
20734
100
_a
Trelease, S F
245
_a
How to write scientific and technical papers?
260
_a
_b
Willams
_c
1958
090
_c
15018
_d
15018
942
_a
NUST-CAE
_c
M
_c
5579
999
_c
255807
_d
255807